000
00222 a2200097 4500
001
57136
100
_a
245
_a
A Practical English Grammer
260
_a
U.K
_b
Oxford University
_c
1986
090
_c
35068
_d
35068
942
_a
NUST-CAE
_c
MONOGRAPH
_c
27856
999
_c
292209
_d
292209